[Event "AUTO-INT-644"]
[Site "http://www.queenalice.com/game.php?id=283945"]
[Date "2007.10.10"]
[Round "1"]
[White "ishamael13"]
[Black "drmaxb81"]
[Result "1-0"]
[WhiteElo "1702"]
[BlackElo "1416"]

1. e4 e5 2. Bc4 Nf6 3. d4 exd4 4. Nf3 Nxe4 5. Qxd4 Nf6 6. Bg5 Be7 7. Nc3 c6 8.
O-O-O d5 9. Bd3 O-O 10. h3 h6 11. Bf4 c5 12. Qa4 Bd7 13. Bb5 d4 14. Bxd7 1-0

[Event "AUTO-INT-644"]
[Site "http://www.queenalice.com/game.php?id=283946"]
[Date "2007.10.10"]
[Round "1"]
[White "drmaxb81"]
[Black "ishamael13"]
[Result "0-1"]
[WhiteElo "1416"]
[BlackElo "1707"]

1. e4 d5 2. exd5 Nf6 3. d4 Bg4 4. f3 Bf5 5. Bb5+ Nbd7 6. c4 e6 7. dxe6 Bxe6 8.
Nc3 c6 9. Ba4 Bb4 10. Bb3 O-O 11. Ne2 Nb6 12. c5 Nbd5 0-1

[Event "AUTO-INT-644"]
[Site "http://www.queenalice.com/game.php?id=283961"]
[Date "2007.10.10"]
[Round "1"]
[White "Juventus"]
[Black "drmaxb81"]
[Result "1-0"]
[WhiteElo "1631"]
[BlackElo "1454"]

1. g3 e5 2. Nh3 d5 3. Bg2 Bc5 4. e3 Nc6 5. Nc3 Nf6 6. O-O Bf5 7. f4 e4 8. d3
exd3 9. cxd3 O-O 10. d4 Bb6 11. b3 Ba5 12. Na4 b5 13. Nb2 Bc3 14. Qe2 a6 15. Nf2
Qe7 16. Qf3 Rae8 17. Nfd1 1-0

[Event "AUTO-INT-644"]
[Site "http://www.queenalice.com/game.php?id=283962"]
[Date "2007.10.10"]
[Round "1"]
[White "drmaxb81"]
[Black "Juventus"]
[Result "0-1"]
[WhiteElo "1397"]
[BlackElo "1640"]

1. e4 g6 2. d4 Bg7 3. Nc3 c6 4. f4 d5 5. e5 f6 6. Nf3 Nh6 7. Bd3 O-O 8. O-O Bg4
9. Qe2 fxe5 10. fxe5 e6 11. h3 Bxf3 12. Rxf3 Nf5 13. Bxf5 exf5 14. Bf4 Re8 15.
Rd1 Na6 16. Qd2 c5 17. Bg5 Qb6 18. Nxd5 Qxb2 0-1

[Event "AUTO-INT-644"]
[Site "http://www.queenalice.com/game.php?id=283973"]
[Date "2007.10.10"]
[Round "1"]
[White "drmaxb81"]
[Black "kanibal"]
[Result "0-1"]
[WhiteElo "1430"]
[BlackElo "1491"]

1. e4 e5 2. Nf3 Nc6 3. Bb5 a6 4. Ba4 b5 5. Bb3 Bc5 6. O-O Nf6 7. Re1 Ng4 8. Re2
O-O 9. c3 a5 10. d4 exd4 11. cxd4 Bb4 12. a3 Bd6 13. h3 Nf6 14. e5 Bxe5 15. dxe5
Nh5 16. Bg5 Qe8 17. g4 h6 18. Bd2 d6 0-1

[Event "AUTO-INT-644"]
[Site "http://www.queenalice.com/game.php?id=283974"]
[Date "2007.10.10"]
[Round "1"]
[White "kanibal"]
[Black "drmaxb81"]
[Result "1-0"]
[WhiteElo "1476"]
[BlackElo "1445"]

1. e4 e5 2. Nf3 Nc6 3. Bb5 a6 4. Bxc6 dxc6 5. Nxe5 Qd4 6. Nf3 Qxe4+ 7. Qe2 Qxe2+
8. Kxe2 Bf5 9. d3 Bc5 10. Re1 O-O-O 11. Kf1 Nf6 12. Re5 Rd5 13. Rxd5 Nxd5 14.
Nc3 Nb4 15. d4 Nxc2 16. dxc5 Nxa1 17. Ne5 Re8 18. Nxf7 1-0

[Event "AUTO-OPEN-860"]
[Site "http://www.queenalice.com/game.php?id=284127"]
[Date "2007.10.10"]
[Round "1"]
[White "serrameira"]
[Black "drmaxb81"]
[Result "1-0"]
[WhiteElo "1831"]
[BlackElo "1458"]

1. e4 e5 2. f4 Bc5 3. Nf3 d6 4. d4 exd4 5. Bc4 Bg4 6. Bxf7+ Kxf7 7. O-O Kf8 8.
a3 d3+ 9. Kh1 dxc2 10. Qxc2 Nc6 11. e5 Nge7 12. exd6 Bxd6 13. Nc3 Bxf3 14. Rxf3
Nd4 15. Qf2 Nxf3 16. Qxf3 Nc6 17. Nb5 Qf6 18. Nxd6 Qxd6 19. Be3 1-0

[Event "AUTO-OPEN-860"]
[Site "http://www.queenalice.com/game.php?id=284128"]
[Date "2007.10.10"]
[Round "1"]
[White "drmaxb81"]
[Black "serrameira"]
[Result "0-1"]
[WhiteElo "1456"]
[BlackElo "1833"]

1. e4 e5 2. Nf3 Nf6 3. Nxe5 Qe7 4. d4 d6 5. Nf3 Nxe4 6. Be3 d5 7. Bd3 Nf6 8. O-O
Be6 9. Nc3 Bg4 10. Bg5 Qd6 11. Nb5 Qb6 12. Qe2+ Be7 13. Rfe1 Be6 14. Bf4 Bd6 15.
Bxd6 cxd6 16. Ng5 Ne4 17. Bxe4 dxe4 18. Qxe4 d5 19. Qxd5 O-O 0-1

[Event "AUTO-OPEN-860"]
[Site "http://www.queenalice.com/game.php?id=284149"]
[Date "2007.10.10"]
[Round "1"]
[White "drmaxb81"]
[Black "jaque_mate_remate"]
[Result "0-1"]
[WhiteElo "1416"]
[BlackElo "1202"]

1. e4 e5 2. Nf3 Nc6 3. Bb5 a6 4. Ba4 f6 5. Nc3 Bc5 6. O-O Nge7 7. d3 Nd4 8. Nxd4
Bxd4 9. Qh5+ Ng6 10. Ne2 O-O 0-1

[Event "AUTO-OPEN-860"]
[Site "http://www.queenalice.com/game.php?id=284151"]
[Date "2007.10.10"]
[Round "1"]
[White "drmaxb81"]
[Black "Cristianopesoa"]
[Result "0-1"]
[WhiteElo "1416"]
[BlackElo "1570"]

1. e4 e5 2. Nf3 Nc6 3. Bb5 a6 4. Ba4 Bc5 5. O-O Nf6 6. Nc3 b5 7. Bb3 h6 8. d3 d6
9. a4 b4 10. Nd5 Nxd5 11. Bxd5 Bd7 0-1

[Event "AUTO-OPEN-860"]
[Site "http://www.queenalice.com/game.php?id=284152"]
[Date "2007.10.10"]
[Round "1"]
[White "Cristianopesoa"]
[Black "drmaxb81"]
[Result "1-0"]
[WhiteElo "1580"]
[BlackElo "1406"]

1. e4 e5 2. Nf3 Nc6 3. Bc4 Bc5 4. d3 Nf6 5. h3 h6 6. Nc3 O-O 7. O-O a6 8. g4 d6
9. g5 hxg5 10. Nxg5 b5 11. Bb3 1-0

[Event "Challenge"]
[Site "http://www.queenalice.com/game.php?id=293532"]
[Date "2007.10.26"]
[Round "-"]
[White "drmaxb81"]
[Black "compras_marcelo"]
[Result "1-0"]
[WhiteElo "1391"]
[BlackElo "1310"]

1. e4 Nf6 2. e5 Ne4 3. Qe2 c6 4. Qxe4 e6 5. Nc3 Qg5 6. Nf3 Qe7 7. d4 g6 8. a3 f5
9. exf6 Qxf6 10. Bd3 Bd6 11. Bg5 Qf7 12. O-O h6 13. Qh4 b5 14. Ne4 Bc7 15. Bf6
Ba5 16. Bxh8 Qf5 17. Nf6+ Ke7 18. Bxf5 exf5 19. Nd5+ Kd6 20. Ne7 Bb7 21. Be5+
Ke6 22. Qf6# 1-0

[Event "Challenge"]
[Site "http://www.queenalice.com/game.php?id=293533"]
[Date "2007.10.26"]
[Round "-"]
[White "compras_marcelo"]
[Black "drmaxb81"]
[Result "0-1"]
[WhiteElo "1297"]
[BlackElo "1404"]

1. f4 d5 2. Nc3 Nf6 3. d3 Nc6 4. a3 Bf5 5. Nh3 e6 6. Ng5 Be7 7. e3 O-O 8. b3 d4
9. exd4 Qxd4 10. Qd2 Nd5 11. Bb2 Qxf4 12. Qe2 Bxg5 13. Nxd5 exd5 14. g3 Qd6 15.
Qh5 Qe6+ 16. Be2 Bf6 17. Bxf6 Qxf6 18. Qf3 Qxa1+ 19. Kf2 Qd4+ 20. Kg2 Bg4 21.
Qf1 Bxe2 22. Qxe2 Rae8 23. Qh5 Re2+ 24. Kf3 Rf2# 0-1

[Event "Challenge"]
[Site "http://www.queenalice.com/game.php?id=293535"]
[Date "2007.10.26"]
[Round "-"]
[White "drmaxb81"]
[Black "prvic"]
[Result "1-0"]
[WhiteElo "1418"]
[BlackElo "1094"]

1. e4 c5 2. Nf3 d6 3. d4 cxd4 4. Qxd4 g6 5. Qxh8 Nf6 6. Bg5 Nxe4 7. Bh6 Qb6 8.
Qxf8+ Kd7 9. Nbd2 Qxb2 10. Rd1 Nxd2 11. Bxd2 f5 12. Bc4 Nc6 13. O-O Qxc2 14. Rc1
Qb2 15. Qg8 Qf6 16. Bg5 Qb2 17. Rfe1 Kc7 18. Bxe7 Nxe7 19. Rxe7+ Kb8 20. Ree1 a5
21. Rb1 Qc3 22. Ba6 Rxa6 23. Rbc1 Qc5 24. Rxc5 dxc5 25. Re8 Rc6 26. Ne5 Rc7 27.
Nd7+ Rxd7 28. Rxc8+ Ka7 29. Ra8+ Kb6 30. Qe6+ Kc7 31. Qxd7+ Kxd7 32. Rxa5 Kc6
33. Ra3 c4 34. Kf1 Kc5 35. Rc3 Kd4 36. Rc1 c3 37. Ke2 Kc4 38. a4 Kb4 39. Kd3
Kxa4 40. Rxc3 b5 41. Kc2 b4 42. Rc7 h6 43. Rc6 g5 44. Rxh6 Kb5 45. Rh5 Kc4 46.
Rxg5 f4 47. Rg4 b3+ 48. Kb2 Kd5 49. Rxf4 Ke5 50. Ra4 Kf5 51. Kxb3 Kg6 52. Ra5
Kf7 53. Ra6 Kf8 54. Ra7 Ke8 55. Kc4 Kd8 56. Kc5 Ke8 57. Kd6 Kf8 58. Ke6 Kg8 59.
Kf6 Kh8 60. Kg6 Kg8 61. Ra8# 1-0